[Event "5MCRV_F"]
[Site "?"]
[Date "2005.??.??"]
[Round "?"]
[White "Skalicky, Frantisek"]
[Black "Trs, Jan"]
[Result "1-0"]
[WhiteElo "2255"]
[BlackElo "2252"]
[PlyCount "115"]
[EventDate "2005.??.??"]
[EventType "corr"]
[SourceDate "2005.09.30"]

1. e4 c6 2. d4 d5 3. Nc3 dxe4 4. Nxe4 Nd7 5. Nf3 Ngf6 6. Nxf6+ Nxf6 7. Ne5 Be6
8. Be2 g6 9. O-O Bg7 10. c3 O-O 11. Re1 Rc8 12. Bf4 c5 13. dxc5 Rxc5 14. Bf3
Ra5 15. Qe2 Qc8 16. a3 Bb3 17. Qd3 Nd5 18. Bg3 Nb6 19. Qe4 Qe6 20. Qd4 h5 21.
h3 h4 22. Bh2 Rb5 23. a4 Ra5 24. Qb4 Rxa4 25. Rxa4 Bxa4 26. Qxh4 Qa2 27. Qb4
Bb3 28. Nd3 Bd5 29. Bxd5 Qxd5 30. Ne5 e6 31. c4 Qd4 32. b3 Nd7 33. Nf3 Qb6 34.
Qe7 Nc5 35. Bd6 Nd3 36. Re3 Qxb3 37. c5 Bh6 38. Ng5 e5 39. Ne4 Qc2 40. Nf6+ Kh8
41. Ng4 Bg7 42. Kh2 f6 43. Qxb7 Nxc5 44. Qc6 Qa4 45. Qxc5 Rf7 46. Qd5 Qd7 47.
Rc3 Qb7 48. Rc8+ Qxc8 49. Qxf7 Qd8 50. Be7 Qg8 51. Qxg6 Qh7 52. Qe8+ Qg8 53.
Qc6 Qf7 54. Bxf6 Bxf6 55. Nxf6 Kg7 56. Ne4 a5 57. g4 Kf8 58. g5 1-0